Concise General Knowledge Manual/ (Record no. 207177)

MARC details
000 -LEADER
fixed length control field 00799nam a22002057a 4500
005 - DATE AND TIME OF LATEST TRANSACTION
control field 20250102122812.0
010 ## - LCCN (DPL NO)
LC control number ENG-142710
020 ## - INTERNATIONAL STANDARD BOOK NUMBER
Terms of availability 299.00
International Standard Book Number 9789361592386
035 ## - SYSTEM CONTROL NUMBER
System control number EN-126242
037 ## - SOURCE OF ACQUISITION
Source of stock number/acquisition DBAD
082 ## - DEWEY DECIMAL CLASSIFICATION NUMBER
Classification number 000
100 ## - MAIN ENTRY--PERSONAL NAME
Personal name Thorpe, Edgar
245 ## - TITLE STATEMENT
Title Concise General Knowledge Manual/
Statement of responsibility, etc By Edgar Thorpe [and] Showick Thorpe
260 ## - PUBLICATION, DISTRIBUTION, ETC. (IMPRINT)
Place of publication, distribution, etc Uttar Pradesh
Name of publisher, distributor, etc Pearson India Education Pvt Ltd
Date of publication, distribution, etc 2025
270 ## - ADDRESS
City Uttar Pradesh
Address 1st FLoor, Berger Tower, Plot No. C-001A/2, Sector-16B, Noida
Postal code 201301
300 ## - PHYSICAL DESCRIPTION
Extent vpp.
Dimensions 21cm(pb)
Other physical details Index
500 ## - GENERAL NOTE
General note Comprehensive Coverage for various examinations like CUET, CLAT, SSC | Current U... 2025 - Concise General Knowledge Manual
700 ## - ADDED ENTRY--PERSONAL NAME
Personal name Thorpe, Showick
Relator term Author
9 (RLIN) 74302
942 ## - ADDED ENTRY ELEMENTS (KOHA)
Source of classification or shelving scheme Dewey Decimal Classification
Item type English Books
Classification part 000
Call number suffix THO
Edition 1
Holdings
Withdrawn status Lost status Not for loan Collection code Home library Current library Date acquired Source of acquisition Cost, normal purchase price Full call number Barcode Copy number Cost, replacement price Koha item type
      Non-fiction Sarojini Nagar Sarojini Nagar 28/11/2024 Delivery of Books Act Division 299.00 000 THO EN-126242 1 299.00 English Books

© Delhi Public Library
Hit Counter
free hit counter